[Event "Astrakhan FIDE GP"]
[Site "Astrakhan"]
[Date "2010.05.16"]
[Round "6"]
[White "Akopian, Vladimir Eduardovic"]
[Black "Wang, Yue"]
[Result "0-1"]
[WhiteElo "2694"]
[BlackElo "2752"]
[Annotator "Kritz,L"]
[PlyCount "148"]
[EventDate "2010.05.10"]
[EventType "tourn"]
[EventRounds "13"]
[EventCountry "RUS"]
[EventCategory "20"]
[SourceTitle "CBM 137"]
[Source "ChessBase"]
[SourceDate "2010.07.15"]
[SourceVersion "1"]
[SourceVersionDate "2010.07.15"]
[SourceQuality "1"]

1. e4 e5 2. Nf3 Nf6 3. Nxe5 {Das ist der Hauptzug, die Alternative ist 3.d4.} (
3. d4 Nxe4 4. Bd3 (4. dxe5 d5 5. Nbd2 Nc5 6. a3 a5 7. Be2 Be7 8. O-O O-O 9. Re1
f6 10. exf6 Bxf6 $11 {Shabalov - Motylev (Moscow, 2010)}) 4... d5 5. Nxe5 (5.
dxe5 Be7 6. O-O Nc5 7. Be2 O-O 8. Be3 c6 9. c4 dxc4 10. Bxc4 Qxd1 11. Rxd1 Nbd7
12. Rc1 Na4 13. b3 Nab6 14. e6 fxe6 15. Bxe6+ Kh8 16. Nbd2 Ne5 $11 {Gashimov -
Gelfand (Bursa, 2010)}) 5... Nd7 6. Nxd7 Bxd7 {Man kann schon intuitiv sehen,
dass Weiß nicht viel erwarten kann.} 7. O-O Bd6 8. c4 c6 9. cxd5 cxd5 10. Nc3
Nxc3 11. bxc3 O-O 12. Qh5 g6 13. Qxd5 Qc7 14. Qf3 Qxc3 $11 {Edouard -
Fressinet (Caleta, 2010)}) 3... d6 4. Nf3 Nxe4 5. d4 $1 {Heutzutage wollen
sich viele Spieler nicht mit den zahlreichen Abspielen der Haupvariante
auseinandersetzen und bevorzugen daher die ziemlich sinnlose 5.Nc3-Variante,
die keinen Vorteil bringt.} (5. Nc3 Nxc3 6. dxc3 Be7 7. Be3 Nc6 {Das ist der
sicherste Weg zum Ausgleich. Wenn Schwarz mehr Gegenspiel haben will, kann er
auch den Plan mit der kurzen Rochade spielen.} (7... O-O 8. Qd2 Nd7 9. O-O-O
Re8 10. h4 c6 11. Kb1 Qa5 12. h5 h6 13. Bd3 Ne5 $132 {Dominguez Perez -
Gelfand (Nice, 2010)}) 8. Qd2 Be6 9. O-O-O Qd7 10. Kb1 a6 (10... Bf6 {ist auch
möglich} 11. h4 O-O-O 12. Ng5 Bf5 13. Bd3 Bxd3 14. Qxd3 h5 $11 {Inarkiev -
Wang Yue (Astrakhan, 2010)}) 11. Ng5 Bxg5 12. Bxg5 f6 13. Be3 O-O-O $11 {
Inarkiev - Adams (Baku, 2008)}) 5... d5 6. Bd3 Be7 7. O-O Nc6 8. c4 {Weiß
entscheidet sich für die wichtigste Hauptvariante der Russischen Partie.
Alternativen sind 8.Re1 und 8.Nc3.} (8. Re1 Bg4 9. c3 (9. c4 Nf6 10. Nc3 Bxf3
11. Qxf3 Nxd4 12. Qd1 Ne6 13. cxd5 Nxd5 14. Bb5+ c6 15. Nxd5 cxb5 16. a4 O-O
17. axb5 Bc5 $11 {Gashimov - Gelfand (Linares, 2010)}) 9... f5 10. Qb3 O-O 11.
Nbd2 Na5 12. Qc2 Nc6 13. b4 a6 14. Rb1 Kh8 15. a4 Bd6 $132 {Morozevich - Wang
Yue (Nice, 2009)}) (8. Nc3 Bf5 9. Re1 Nxc3 10. bxc3 Bxd3 11. Qxd3 O-O 12. Rb1
Na5 $11 {Svidler - Ivanchuk (Astrakhan, 2010)}) 8... Nb4 9. Be2 O-O 10. a3 {
Zugumstellung ist 10.Nc3.} (10. Nc3 Bf5 11. a3 Nxc3 12. bxc3 Nc6 13. cxd5 Qxd5
{-> 10.a3}) 10... Nc6 11. cxd5 Qxd5 12. Nc3 Nxc3 13. bxc3 Bf5 14. Re1 Rfe8 15.
Bf4 Rac8 {Das ist die Hauptstellung der Russischen Partie. Hunderte von
Partien sind hier gespielt worden und Schwarz hat gezeigt, dass er keine
Probleme hat.} 16. h3 (16. Bd3 Qd7 17. Rb1 b6 18. d5 Bxd3 19. Qxd3 Bxa3 20. Ng5
g6 21. Ne4 Be7 (21... Qf5 22. Bxc7 Rxc7 23. Nf6+ Qxf6 24. Rxe8+ Kg7 25. dxc6
Bc5 26. Rb2 $14 {Leko - Gelfand (Moscow, 2009)}) 22. Rbd1 f5 23. d6 cxd6 24.
Qd5+ Kh8 25. Nxd6 Bxd6 26. Bxd6 Rxe1+ 27. Rxe1 Re8 28. Rxe8+ Qxe8 29. h3 h6 $11
{Jakovenko - Kramnik (Moscow, 2007)}) (16. c4 Qe4 17. Be3 Qc2 $1 {Es ist die
richtige Entscheidung, die Damen zu tauschen. Die schwarze Dame im Zentrum ist
oft den gegnerischen Angriffen ausgesetzt.} 18. d5 Na5 19. Nd4 Qxd1 20. Rexd1
Bd7 21. Bd2 Bf6 $1 22. Bxa5 Bxd4 23. Rxd4 Rxe2 {1/2-1/2 Leko - Kramnik 
(Brissago, 2004)}) (16. Nd2 Na5 17. Nf1 Qb3 18. Ne3 Qxd1 19. Raxd1 Bd7 20. Nd5
Bd6 21. Bxd6 cxd6 $11 {Pruijssers - Fridman (Emsdetten, 2008)}) 16... h6 (16...
Be4 17. Qc1 $1 {Zuletzt hatte Weiß Schwierigkeiten, um hier auszugleichen.} (
17. Nd2 Bxg2 18. Bg4 Bh1 19. f3 Bh4 20. Re4 f5 21. Kxh1 fxg4 22. hxg4 Qf7 23.
Qb3 Ne7 24. Qxf7+ Kxf7 25. c4 Ng6 26. Bh2 Bf6 27. Rb1 b6 $11 {Shirov - Kramnik
(Wijk aan Zee, 2010)}) 17... Na5 18. Qe3 Bf8 19. c4 Qd8 (19... Nxc4 20. Bxc4
Qxc4 21. Nd2 Qa4 (21... Qc6 22. Nxe4 f5 23. Qb3+ $18) 22. Nxe4 f5 23. Nc3 $18)
20. Ne5 Bf5 21. Qc3 b6 22. Rad1 $14 {Anand - Kramnik (Wijk aan Zee, 2010)}) 17.
Qc1 {Dieser Zug wird selten gespielt und das völlig zurecht. Es ist
überraschend, dass Akopian zwei Mal im selben Turnier den gleichen Zug spielt
und in beiden Partien nicht mal einen minimalen Vorteil bekommt.} (17. Nd2 Na5
18. Bf3 Qd7 19. Ne4 Rcd8 20. Ng3 Bg6 21. Bh5 Bd6 22. Bxd6 Rxe1+ 23. Qxe1 cxd6
24. Bxg6 fxg6 $11 {Akopian - Kasimdzhanov (Nalchik, 2009)}) (17. Bf1 Bd6 $1 {
Das ist eine Standardreaktion - Schwarz muss so viele Figuren wie möglich
abtauschen, um ein gleiches Endspiel zu bekommen.} 18. Rxe8+ Rxe8 19. c4 Qe4
20. Bxd6 cxd6 $11 {Akopian - Gashimov (Elista, 2008)}) (17. c4 Qe4 18. Bg3 Bf6
19. Bf1 Qc2 20. Qxc2 Bxc2 21. Rxe8+ Rxe8 22. Rc1 Ba4 23. d5 Ne5 $11 {Shomoev -
Landa (Sochi, 2006)}) 17... Qd7 18. Qb2 Bd6 $1 {Eine sehr logische Fortsetzung,
die den weißen Druck sofort neutralisiert.} 19. Bxd6 cxd6 (19... Qxd6 20. Bc4 (
{Nichts bringt das Nehmen auf b7:} 20. Qxb7 Rxe2 $1 (20... Rb8 21. Qa6 $14) 21.
Rxe2 Rb8 22. Qxb8+ (22. Qa6 Nxd4 23. Qxd6 Nxe2+ 24. Kf1 cxd6 25. Kxe2 Rb2+ $15)
22... Nxb8 23. Re8+ Kh7 24. Rxb8 Qc6 $11 {Schwarz ist in Ordnung - die weißen
Türme sind nicht stärker als die schwarze Dame.}) 20... b6 21. Qb5 Bd7 22. Qh5
Qf4 23. Bb5 Rcd8 24. a4 Kf8 {Schwarz kann nicht schlechter stehen.} 25. g3 Qf6
26. d5 Rxe1+ 27. Rxe1 Ne7 $11 {Akopian - Gelfand (Astrakhan, 2010)}) 20. Nh4
Be6 21. Rad1 d5 $1 {Es sieht nur so aus, als ob der schwarze Läufer schlecht
wäre. Der Läufer kann über f5 aktiviert werden, sobald der weiße Springer das
Feld h4 verlässt, dazu hat Schwarz das Feld c4 und die offene C-Linie. Die
Stellung ist ausgeglichen.} 22. Bd3 (22. Nf3 Bf5 $11) 22... b6 {Man braucht
den Zug nicht unbedingt, man konnte auch gleich Na5 spielen.} (22... Na5 23.
Bb5 Nc6 (23... Nc4 $4 24. Qb4 $18) 24. Bd3 Na5 $11) 23. Bb1 Qd8 $1 {Die Dame
wird nach f6 überführt, von wo sie das Feld e5 kontrolliert und auch näher zum
König steht.} 24. Nf3 (24. Nf5 Na5 25. Qc2 Kf8 $11 {Weiß kann nicht wirklich
Fortschritte machen.}) 24... Qf6 25. Qb5 (25. Qc2 g6 $11 {mit der Idee Bf5 und
die Läufer zu tauschen.}) 25... g6 {Jetzt droht Bxh3.} (25... Bxh3 $2 {
verliert.} 26. gxh3 Qxf3 27. Qxc6 $1 (27. Rxe8+ $2 Rxe8 28. Qxc6 Qxd1+ $19)
27... Qxd1 28. Qxe8+ Rxe8 29. Rxd1 $18) 26. Re3 $2 {Das verhindert den
Einschlag auf h3 nicht. Man sollte einfacher spielen, denn Vorteil hat man
sowieso nicht.} (26. Ne5 $1 Nxe5 27. dxe5 Qe7 28. Qb2 Rc5 29. Ba2 $11) 26...
Bxh3 $1 27. Rxe8+ (27. Ne5 Be6 $1 28. Nxc6 Bd7 29. Rxe8+ Rxe8 30. Qxd5 Bxc6 31.
Qc4 Bxg2 $3 32. Kxg2 Qg5+ 33. Kf1 Qh5 $19) 27... Rxe8 28. Qxd5 Bg4 $1 {Nun
wird die weiße Bauernstruktur endgültig ruiniert.} 29. Re1 Rd8 (29... Rxe1+ 30.
Nxe1 $11 {Schwarz will jedoch mehr, als nur Ausgleich.}) 30. Qe4 Bxf3 31. Qxf3
(31. gxf3 $5 {Üblicherweise sollte man die Damen tauschen, wenn man einen
schwachen König hat. Hier jedoch steht die weiße Dame sehr gut und könnte
unter Umständen die Bauernbewegung d5 unterstützen.} Kg7 32. f4 $13) 31... Qxf3
32. gxf3 Kf8 33. Kg2 Ne7 $15 {Schwarz steht besser, weil er die bessere
Bauernstruktur hat, und die weißen Zentrumsbauern sind unbeweglich.} 34. Kg3 (
34. Be4 f5 $5 (34... Nd5 35. Bxd5 Rxd5 36. Re3 $1 $15 {Vielleicht kann Weiß
sich retten.}) 35. Bb7 Rb8 36. Ba6 Nd5 37. c4 Nc7 38. Bb5 Rd8 $15) 34... Nd5
35. c4 $2 {Fehler, der zum Verlust führt.} (35. Rc1 $1 Rc8 36. c4 Nf6 $15 {
Schwarz steht immer noch etwas besser, aber zumindest verliert Weiß nicht
forciert.}) 35... Nc3 $1 36. d5 {Der einzige Zug.} Re8 $1 37. Rh1 (37. Rxe8+
Kxe8 38. Bd3 Ke7 $19 {Dieses Endspiel ist eindeutig verloren.}) (37. Rc1 $4
Ne2+ 38. Kg2 Nxc1 $19) 37... Ne2+ 38. Kg2 h5 {Weiß ist hilflos - er hat
einfach keine Züge und keinen einzigen Plan.} 39. Bc2 {Mit der Idee, den
Läufer nach c6 zu stellen. Schwarz spielt jedoch genau und lässt es nicht
geschehen.} Nf4+ {Die Zugwiederholung wurde wohl gespielt, um über die
Zeitkontrolle zu kommen.} 40. Kg3 Ne2+ 41. Kg2 Rc8 42. Bb3 (42. Re1 $2 Nf4+ 43.
Kg3 Rxc4 44. Bb3 Rd4 45. Re4 g5 $3 46. Rxd4 Ne2+ 47. Kg2 Nxd4 $19) 42... Nd4
43. Ba2 Ke7 $19 {Schlechter Läufer a2, passiver König, anfällige Bauern im
Zentrum - alles spricht dafür, dass die weiße Stellung verloren ist.} 44. Rd1
Nf5 45. a4 Kd6 46. a5 Kc5 $1 (46... bxa5 $2 {Man sollte dem Gegner keine
einzige Chance anbieten.} 47. Rb1 Nd4 (47... Kc5 48. Rb5+ $11) 48. Rb7 Rc7 49.
c5+ Rxc5 50. Rxf7 $17 {und Weiß wird noch kämpfen.}) 47. axb6 axb6 48. Bb1 (48.
Rb1 Nd6 $19 {Der Springer auf d6 spiel eine multifunktionale Rolle - er
verhindert das Schach von b5 und greift den c4-Bauern an.}) 48... Nd6 49. Bd3
Ra8 {Schwarz spielt die stärksten Züge - seine Figuren haben alle die besten
Positionen eingenommen.} 50. Rc1 Ra3 51. Be2 Ra2 52. Bf1 g5 $1 {Nun kommen die
Bauern des Königsflügels ins Spiel, um Weiß noch mehr einzugrenzen.} 53. Kg1
Rd2 54. Kg2 f5 55. Kg1 f4 56. Rb1 Rc2 (56... Nxc4 $2 57. Bxc4 Kxc4 58. Rxb6
Rxd5 59. Rh6 h4 60. Kg2 $11 {Das Endspiel ist Remis trotz des Mehrbauern.}) 57.
Rd1 $1 {Nun kann Schwarz den Bauer nicht nehmen.} Ra2 (57... Nxc4 $4 58. Bxc4
Rxc4 59. d6 $18) 58. Rb1 Rd2 59. Kg2 g4 $1 {Der entscheidende Sturm, ansonsten
könnte Schwarz kaum durchbrechen.} 60. fxg4 hxg4 61. Kg1 f3 {Der weiße Läufer
hat nun überhaupt kein Feld mehr.} 62. Kh2 Ne4 $1 (62... Rxf2+ $2 63. Kg3 Rc2
64. Kxg4 f2 65. Kg3 $11) 63. Rb5+ Kd4 64. d6 Kc3 {Weiß kann aufgeben.} 65. Re5
g3+ 66. Kg1 (66. Kh3 g2 67. Bxg2 fxg2 68. Kxg2 Nxd6 $19) 66... gxf2+ 67. Kh2
Rd1 68. Rxe4 Rxf1 69. Re3+ Kxc4 70. Rxf3 Rd1 71. Rf4+ Kc5 72. Rxf2 Rxd6 73.
Rc2+ Kb4 74. Rb2+ Kc4 0-1

[Event "Sofia MTel Masters 5th"]
[Site "Sofia"]
[Date "2009.05.14"]
[Round "2"]
[White "Ivanchuk, Vassily"]
[Black "Wang, Yue"]
[Result "0-1"]
[WhiteElo "2746"]
[BlackElo "2738"]
[Annotator "Kritz,L"]
[PlyCount "102"]
[EventDate "2009.05.13"]
[EventType "tourn"]
[EventRounds "10"]
[EventCountry "BUL"]
[EventCategory "21"]
[SourceTitle "CBM 131"]
[Source "ChessBase"]
[SourceDate "2009.07.15"]
[SourceVersion "1"]
[SourceVersionDate "2009.07.15"]
[SourceQuality "1"]

1. e4 e5 2. Nf3 Nf6 3. Nxe5 d6 4. Nf3 Nxe4 5. Nc3 Nxc3 6. dxc3 Be7 7. Be3 Nc6
8. Qd2 Be6 {Wenn man als Schwarzspieler Russisch als Eröffnung wählt, dann
sollte man auch nicht in die Verführung reinfallen, und den remislichen
Varianten ausweichen. Die Variante mit der langen Rochade ist sicherlich die
solideste Fortsetzung gegen den von Weiß gewählten Aufbau.} (8... O-O 9. O-O-O
Ne5 10. Kb1 Re8 (10... a6 11. Be2 Be6 12. Nd4 Nc4 13. Qd3 Nxe3 14. Nxe6 fxe6
15. Qxe3 e5 16. Bd3 $14 {Anand - Kramnik (Monte Carlo, 2005)}) 11. h4 Bg4 12.
Be2 Qc8 13. h5 Bf6 14. Nxe5 Bxe2 15. Qxe2 Bxe5 16. Qf3 $14 {Bologan -
Charbonneau (Turin, 2006)}) 9. O-O-O Qd7 10. Kb1 a6 11. Be2 (11. Nd4 Nxd4 12.
cxd4 d5 13. Bd3 Bf5 14. Rhe1 Bxd3 15. Qxd3 O-O $11 {Adams - Gashimov (Baku,
2008)}) 11... Bf6 {Schwarz will wohl allen Abwicklungen mit möglichem 12.Nd4
aus dem Weg gehen.} (11... h6 $5 12. Rhe1 O-O-O 13. Nd4 Nxd4 14. Bxd4 (14. Qxd4
c5 15. Qd2 (15. Qxg7 $4 Rdg8 $19) 15... d5 $11) 14... Rhg8 15. h3 Qa4 16. b3
Qa5 $11 {Kobalia - Kritz (Warsaw, 2005)}) (11... O-O-O 12. Nd4 Nxd4 13. Qxd4 c5
(13... Bf6 14. Qa7 Qc6 15. Bf3 d5 16. Rhe1 Rhe8 17. c4 $14) 14. Qxg7 Rdg8 15.
Qh6 Qa4 (15... Rxg2 16. Bxc5 $16) 16. b3 Qa5 17. c4 Rxg2 18. Bf3 Rg6 19. Qf4
$14 {Die weißen Figuren stehen etwas besser.}) 12. Ng5 {Weiß bleibt nichts
anderes übrig, als in diese Stellung zu gehen, wo sein Vorteil eher
symbolischen Charakter hat.} (12. h4 h6 13. Rhe1 O-O-O 14. Nd4 Bxh4 $15) (12.
Rhe1 O-O-O 13. Nd4 Bxd4 $1 (13... Nxd4 14. Bxd4 Bxd4 15. Qxd4 Rhg8 (15... Kb8
16. Qxg7 Rhg8 17. Qxh7 Rxg2 18. Qh4 $16) 16. Qa7 c6 17. Rd4 $14)) 12... Bxg5
13. Bxg5 f6 14. Be3 O-O-O {Stellungen mit solcher Bauernstruktur und diesem
Materialverhältnis wurden schon öfters gespielt. Das übliche Ergebnis hier ist
ein Remis.} 15. Rhe1 Rhe8 16. b3 {Weiß verbessert seine Bauernstruktur. Am
besten sollte er die Bauern am Damenflügel alle auf die weißen Felder stellen.}
Bg4 $1 {Schwarz spielt richtig - Läufertausch ist eindeutig zu seinen Gunsten.
Durch das Erzwingen des Bauernzuges f3, schwächt Schwarz das Feld e3 im weißen
Lager und bringt dadurch die gewünschten Abtäusche näher.} 17. f3 Bf5 18. Bf1
Bg6 (18... Re7 $5 {sieht ebenfalls sehr logisch aus.} 19. c4 Rde8 $11 {Nun
kann Weiß dem Turmtausch nicht entkommen.}) 19. Kb2 Re5 20. Bf2 Qf5 21. Bg3
Rxe1 22. Bxe1 Qg5 $6 {Bis jetzt war eigentlich nichts los, Schwarz hat
problemlos seine Hauptidee - den Abtausch der Schwerfiguren, in erster Reihe
die Türme, - durchgeführt. Der Damentausch auf g5 ist aber fraglich, weil er
die Bauerstruktur offener macht, und damit den weißen Läufern mehr Platz
bietet.} (22... Re8 23. Bf2 Kb8 24. c4 a5 $11 {Wie vorher gibt es wenig zu
machen für beide Seiten.}) 23. Qxg5 fxg5 24. c4 (24. h4 {verdient Betrachtung,
bringt aber ziemlich wenig} gxh4 25. Bxh4 Re8 26. Kc1 Kd7 27. Kd2 Re5 $11 {
Es ist nicht zu sehen, wie Weiß die schwarze Stellung knacken kann.}) 24... Ne7
25. Bd2 $1 {Bevor Weiß Bc3 spielt, will er alle schwarzen Bauern des
Damenflügels auf schwarze Felder bringen.} (25. h4 $2 {Hier ist dieser Versuch
sogar ein großer Fehler:} Nf5 $1 26. Bd2 (26. hxg5 Ne3 27. Rc1 Nxf1 28. Bf2 Re8
29. Rxf1 Re2 30. Bd4 Rxc2+ 31. Ka3 Rxg2 $15)) 25... h6 26. Bc3 Nf5 27. Re1 $1 {
Weiß spielt die besten Züge.} (27. g4 Ne3 28. Re1 Nxf1 29. Rxf1 Rg8 $11) (27.
Bd3 $5 {sieht verlockend aus, wird jedoch kaltblütig pariert:} Rg8 $1 (27...
Ne3 28. Re1 Bxd3 29. Rxe3 (29. cxd3 $2 Nxg2 30. Re7 Nh4 31. Bxg7 Nf5 32. Rf7
Nxg7 33. Rxg7 Rf8 34. Rh7 Rxf3 35. Rxh6 Rxd3 $17) 29... Bf1 30. Bxg7 Bxg2 31.
Bxh6 Rg8 32. f4 gxf4 33. Bxf4 $14) 28. Re1 (28. g4 Nh4 29. Bxg6 Nxg6 $15) 28...
Nh4 29. Bf1 Kd7 $11) 27... Re8 28. Rxe8+ Bxe8 29. Bd3 ({Nichts bringt der
direkte Versuch} 29. g4 Nh4 {Schwarz hält sich in allen Varianten.} 30. Bxg7 (
30. Be2 Bc6 31. Bxg7 Bxf3 32. Bd3 (32. Bxf3 Nxf3 33. Bxh6 Nxh2 34. Bxg5 Nxg4
$11) 32... Bxg4 33. Bxh6 Nf3 34. Be4 Nxh2 35. Bxg5 Nf3 $11) 30... Nxf3 31. h3 (
31. Bxh6 Nxh2 32. Be2 Bd7 33. Bxg5 Bxg4 $11) 31... h5 32. gxh5 (32. Bf6 hxg4
33. hxg4 Bd7 34. Be2 Nh2 $11) 32... Bxh5 33. Be2 Kd7 $11) 29... g6 30. Kc1 {
Richtige Entscheidung - der König gehört im Endspiel ins Zentrum.} (30. g4 $6
Nh4 31. Be4 Bc6 32. Bg7 Bxe4 33. fxe4 h5 34. Bf6 Nf3 $15) 30... Nh4 31. Bf1 Kd7
{Schwarz bringt auch seinen Monarchen näher zum Spielgeschehen.} 32. Kd2 Ke6
33. Ke3 Nf5+ 34. Kf2 Kf7 {Die Stellung ist ausgeglichen, Weiß kann aus seinem
Vorteil keinen materiellen Nutzen ziehen.} 35. Bd3 Ne7 36. g4 Nc6 (36... b6 $6
37. c5 dxc5 38. Bc4+ Kf8 39. Bxa6 Nc6 (39... Bc6 40. Be5 $16) 40. a3 $14) 37.
Be4 Nd8 38. Bd5+ Ke7 39. Bg7 h5 {Die Stellung bleibt gleich, Schwarz will Bc6
spielen und einen der weißen Läufer abtauschen.} 40. Bd4 Bc6 41. Be3 Kf6 42.
Kg3 Ne6 43. a4 ({Nichts bringt der Bauerngewinn} 43. Bxe6 Kxe6 44. Bxg5 hxg4
45. Kxg4 Bd7 $11 {Das Endspiel ist absolut Remis.}) 43... Ke5 44. Bxg5 $4 {
Ivanchuk hat sich bestimmt verrechnet.} Bxd5 45. f4+ Ke4 $3 {Vermutlich hat
Weiß die folgende Idee von Schwarz übersehen.} (45... Kd4 46. cxd5 Kxd5 47.
gxh5 gxh5 48. Kh4 Ke4 49. Kxh5 Kf5 50. h4 $14) 46. cxd5 Nxg5 47. fxg5 h4+ $3
$19 48. Kxh4 Kf3 {Plötzlich ist Weiß verloren! Sein König kann dem Brettrand
nicht entkommen.} 49. b4 (49. Kh3 Kf2 50. Kh4 Kg2 51. h3 b6 $19) 49... b5 50.
a5 Kg2 51. h3 Kh2 0-1